000 00430nam a2200181Ia 4500
005 20140403092612.0
008 140130s9999 xx 000 0 und d
050 _aPZ 7
_b.B146 2001
245 _cBen M. Baglio
_aTouching the Waves
260 _bScholastic,
_c2000
300 _a160 p. :
_bill. ;
_c21 cm.
440 _v1
_931174
521 _aG5
526 _c730
942 _cBK
_2lcc
999 _c41066
_d41066